Wird geladen...
A short history of modern philosophy : from Descartes to Wittgenstein /
Discover for yourself the pleasures of philosophy! Written both for the seasoned student of philosophy as well as the general reader, the renowned writer Roger Scruton provides a survey of modern philosophy. Always engaging, Scruton takes us on a fascinating tour of the subject, from founding father...
| 1. Verfasser: | |
|---|---|
| Format: | Printed Book |
| Sprache: | English |
| Veröffentlicht: |
London ; New York :
Routledge,
2002.
|
| Ausgabe: | 2nd ed. |
| Schlagworte: | |
| Online Zugang: | http://www.loc.gov/catdir/enhancements/fy0650/2001034885-d.html |
| LEADER | 02021cam a22002534a 4500 | ||
|---|---|---|---|
| 008 | 010516t2002 enk b 001 0 eng | ||
| 020 | |a 9780415267632 | ||
| 082 | 0 | 0 | |a 190 |2 21 |
| 100 | 1 | |a Scruton, Roger. | |
| 245 | 1 | 2 | |a A short history of modern philosophy : |b from Descartes to Wittgenstein / |c Roger Scruton. |
| 250 | |a 2nd ed. | ||
| 260 | |a London ; |a New York : |b Routledge, |c 2002. | ||
| 300 | |a ix, 318 p. ; |c 20 cm. | ||
| 500 | |a Rev. ed. of : From Descartes to Wittgenstein, 1981. | ||
| 504 | |a Includes bibliographical references (p. [295]-310) and index. | ||
| 520 | |a Discover for yourself the pleasures of philosophy! Written both for the seasoned student of philosophy as well as the general reader, the renowned writer Roger Scruton provides a survey of modern philosophy. Always engaging, Scruton takes us on a fascinating tour of the subject, from founding father Descartes to the most important and famous philosopher of the twentieth century, Ludwig Wittgenstein. He identifies all the principal figures as well as outlines of the main intellectual preoccupations that have informed western philosophy. Painting a portrait of modern philosophy that is vivid and animated, Scruton introduces us to some of the greatest philosophical problems invented in this period and pursued ever since. Including material on recent debates, A Short History of Modern Philosophy is already established as the classic introduction. Read it and find out why. | ||
| 650 | 0 | |a Philosophy, Modern. | |
| 700 | 1 | |a Scruton, Roger. | |
| 856 | 4 | 2 | |u http://www.loc.gov/catdir/enhancements/fy0650/2001034885-d.html |
| 906 | |a 7 |b cbc |c orignew |d 1 |e ocip |f 20 |g y-gencatlg | ||
| 942 | |c BK | ||
| 955 | |a to SSCD pc03 05-16-01; sh21 05-25-01 waiting for pub. info.; sh21 06-04-01; sh06 (subj) 06-07-01; sh04 to Dewey 06-08-01; aa05 06-08-01 |a ps08 2006-06-05 1 copy rec'd., to CIP ver. | ||
| 999 | |c 274000 |d 274000 | ||
| 952 | |0 0 |1 0 |2 ddc |4 0 |6 190_000000000000000_SCR_S |7 0 |9 308340 |a PHL |b PHL |c ST1 |d 2015-01-06 |i 5165 |l 0 |o 190 SCR/S |p PHL5165 |r 2020-01-24 |y BK | ||